000 00449nam a2200181Ia 4500
008 151018s9999 xx 000 0 und d
082 _bRBASDV28773
_a824
100 _a-
245 _aCommunalism in contemporary India
250 _b1
260 _bBurdwan University
_c1994
300 _a137
600 _a-
630 _aCommunalism in contemporary India
700 _a-
730 _aCommunalism in contemporary India
942 _cBOOK
999 _c1028343
_d1028340